Statistics for Celebrities by their Perfume Brands

Click here to take the quiz!

General Stats

  • This quiz has been taken 467 times
  • The average score is 10 of 24

Answer Stats

HintAnswer% Correct
Sweet Like Candy, Ari, CloudAriana Grande
79%
Reb'l Fleur, RiRi, NudeRihanna
74%
Glow, Deseo, JLoveJennifer Lopez
68%
Bruce WillisBruce Willis
65%
Rise, Heat, PulseBeyoncé
59%
Prerogative, Private Show, FantasyBritney Spears
55%
FameLady Gaga
53%
Meow, Purr, Mad LoveKaty Perry
52%
Trini Girl, Pink Friday, OnikaNicki Minaj
50%
Girlfriend, SomedayJustin Bieber
46%
Violet Eyes, White DiamondsElizabeth Taylor
42%
Truth Or Dare, MasqueradeMadonna
42%
Legacy, CR7Cristiano Ronaldo
39%
Diavolo, Seduction In Black, AntonioAntonio Banderas
36%
Heiress, Fairy Dust, Gold RushParis Hilton
36%
Lovely, Covet, SJP NYCSarah Jessica Parker
36%
Reflection, Pure Honey, GoldKim Kardashian
35%
X Pose, Inspire, Red SinChristina Aguilera
34%
Dance Alegría, Amuleto, Miss SShakira
29%
Tempting, Sofia, LoveSofia Vergara
25%
23, Flight, LegendMichael Jordan
23%
Forever, Luscious Pink, MMariah Carey
22%
J, Beachscape, LuxeJennifer Aniston
12%
Success, EmpireDonald Trump
9%

Score Distribution

Percentile by Number Answered

Percent of People with Each Score

Your Score History

You have not taken this quiz